000 00273nam a22001217a 4500
008 181003b xxu||||| |||| 00| 0 eng d
041 _aeng
080 _a612.39
100 _a10
101 _aNUT
245 _aBasic Skills for the Good Cook
_cRotondo,B
942 _2udc
_cBK
999 _c48830
_d48830